书目信息 |
| 题名: |
动态经济学
|
|
| 作者: | 肖恩 著 ;吴汉洪 译校 | |
| 分册: | ||
| 出版信息: | 北京 中国人民大学出版社 2003 |
|
| 页数: | 534页 | |
| 开本: | 23cm | |
| 丛书名: | 剑桥高级经济学译丛 | |
| 单 册: | ||
| 中图分类: | F019.2 | |
| 科图分类: | ||
| 主题词: | 动态经济学 | |
| 电子资源: | ||
| ISBN: | 7-300-04418-2 | |
| 000 | 01103nam0 2200289 450 | |
| 000 | 01128nam0 2200289 450 | |
| 000 | 01059nam0 2200265 450 | |
| 000 | 01023oam2 2200253 45 | |
| 005 | 20070725142511.65 | |
| 010 | @a7-300-04418-2@dCNY58.00 | |
| 100 | @a20070719d2003 em y0chiy0120 ea | |
| 101 | 1 | @achi@ceng |
| 102 | @aCN@b110000 | |
| 105 | @ay z 000yy | |
| 200 | 1 | @a动态经济学@ADong Tai Jing Ji Xue@f(英)罗纳德·肖恩(Ronald Shone)著@F( Ying ) Luo Na De· Xiao En (Ronald Shone) Zhu@g吴汉洪等译校 |
| 210 | @a北京@c中国人民大学出版社@d2003 | |
| 215 | @a534页@d23cm | |
| 225 | 2 | @a剑桥高级经济学译丛 |
| 330 | @a本书提供了动态经济分析的基本工具在经济中的应用,同时也用数量例子介绍了软件Mathematica和MapleV的应用,还系统介绍了分析动态系统的数学知识,每章后给出了大量的练习题,并附有答案。 | |
| 410 | 0 | @12001 @a剑桥高级经济学译丛 |
| 510 | 1 | @aEconomic Dynamics@zeng |
| 606 | 0 | @a动态经济学 |
| 690 | @aF019.2@v4 | |
| 701 | 1 | @c(英)@a肖恩@AXiao En@g(Shone, Ronald)@4著 |
| 702 | 0 | @a吴汉洪@AWu Han Hong@c(经济学)@4译校 |
| 801 | 0 | @aCN@bTAOJIN@c20070725 |
| 905 | @a10447@dF019.2@e338 | |
| 动态经济学/(英)罗纳德·肖恩(Ronald Shone)著/吴汉洪等译校.-北京:中国人民大学出版社,2003 |
| 534页;23cm.-(剑桥高级经济学译丛) |
| ISBN 7-300-04418-2:CNY58.00 |
| 本书提供了动态经济分析的基本工具在经济中的应用,同时也用数量例子介绍了软件Mathematica和MapleV的应用,还系统介绍了分析动态系统的数学知识,每章后给出了大量的练习题,并附有答案。 |
| ● |
| 相关链接 |
|
|
|
|
正题名:动态经济学
索取号:F019.2/338
 
预约/预借
| 序号 | 登录号 | 条形码 | 馆藏地/架位号 | 状态 | 备注 |
| 1 | 0825510 | 208255109 | 第一样本阅览室/ [索取号:F019.2/338] | 在馆 | |
| 2 | 0825511 | 208255118 | 第一借阅区/ [索取号:F019.2/338] | 在馆 | |
| 3 | 0825512 | 208255127 | 第一借阅区/ [索取号:F019.2/338] | 在馆 | |
| 4 | 0825513 | 208255136 | 第一借阅区/ [索取号:F019.2/338] | 在馆 | |
| 5 | 0825514 | 208255145 | 第一借阅区/ [索取号:F019.2/338] | 在馆 | |
| 6 | 0825515 | 208255154 | 第一借阅区/ [索取号:F019.2/338] | 在馆 | |
| 7 | 0825516 | 208255163 | 第一借阅区/ [索取号:F019.2/338] | 在馆 | |
| 8 | 0825517 | 208255172 | 第一借阅区/ [索取号:F019.2/338] | 在馆 |